Pop-Tarts Flavors by ANY 3 Letters Quiz Stats

 Plays Quiz Updated May 10, 2018

Challenge
Share
Tweet
Embed
Score 0/20 Timer 04:00
6 Plays Today
% Correct
Unfrosted Strawberry
98.9%
Strawberry
98.8%
Blue Raspberry
97.9%
Unfrosted Blueberry
97.3%
Blueberry
96.9%
Chocolate Chip Cookie Dough
95.8%
Chocolate Fudge
95.5%
Chocolate Chip
93.5%
Chocolatey Caramel
93.4%
Raspberry
92.1%
% Correct
Unfrosted Brown Sugar Cinnamon
84.8%
Brown Sugar Cinnamon
83.6%
Cherry
76.6%
Wildlicious Wild! Berry
76%
Cinnamon Roll
72.8%
Cookies & Creme
63.9%
Hot Fudge Sundae
57.2%
S'mores
50.3%
Confetti Cupcake
44.2%
Red Velvet
32.2%

You're not logged in!

Compare scores with friends on all Sporcle quizzes.
Join for Free
OR
Log In

You Might Also Like...

Show Comments

Extras

Top Quizzes Today


Score Distribution

Your Account Isn't Verified!

In order to create a playlist on Sporcle, you need to verify the email address you used during registration. Go to your Sporcle Settings to finish the process.

Report this User

Report this user for behavior that violates our Community Guidelines.

Details: